| 000 | 00442nam a22001697a 4500 | ||
|---|---|---|---|
| 003 | CEME | ||
| 005 | 20210628205808.0 | ||
| 008 | 210317b xxu||||| |||| 00| 0 eng d | ||
| 040 | _c. | ||
| 082 | _a891.4391 FAR | ||
| 100 |
_aAhmad Faraz Faraz, Ahmad _977020 |
||
| 245 | _aShabay khoon jang-e-september say mutaliq | ||
| 260 |
_aLAHORE _bFAZAL HAQ PRINTERS _c1989 |
||
| 300 | _a88P | ||
| 650 |
_aURDU ADAB-POETRY _928226 |
||
| 942 |
_cBK _2ddc |
||
| 999 |
_c582375 _d582375 |
||